[Event "NED-ch 1994"]
[Site "Amsterdam"]
[Date "1994.??.??"]
[Round "1"]
[White "Piket, Jeroen"]
[Black "Hoeksema, Erik"]
[Result "1-0"]
[WhiteElo "2605"]
[BlackElo "2405"]
[PlyCount "49"]
[EventDate "1994.06.??"]
[Source "ChessBase"]
[SourceDate "2004.01.01"]

1. d4 Nf6 2. c4 c5 3. d5 b5 4. Nf3 Bb7 5. a4 b4 6. Nbd2 d6 7. e4 Nbd7 8. b3 g6
9. Bb2 Bg7 10. Be2 O-O 11. Qc2 e6 12. O-O Nh5 13. g3 Bxb2 14. Qxb2 e5 15. Nh4
Ng7 16. Rae1 f5 17. exf5 gxf5 18. f4 exf4 19. Rxf4 Ne5 20. Ndf3 Ng6 21. Nxg6
hxg6 22. Rh4 Nh5 23. Qd2 f4 24. g4 Ng7 25. Bd3 1-0

[Event "NED-ch 1994"]
[Site "Amsterdam"]
[Date "1994.??.??"]
[Round "1"]
[White "Van Wely, Loek"]
[Black "Van Gisbergen, Stan"]
[Result "1-0"]
[WhiteElo "2570"]
[BlackElo "2365"]
[PlyCount "81"]
[EventDate "1994.06.??"]
[Source "ChessBase"]
[SourceDate "2004.01.01"]

1. Nf3 Nf6 2. c4 b6 3. Nc3 Bb7 4. d4 e6 5. a3 d5 6. Bg5 Be7 7. Qa4+ Nbd7 8.
Bxf6 Bxf6 9. cxd5 exd5 10. g3 c5 11. Bh3 a6 12. dxc5 bxc5 13. e4 d4 14. Nd5
Bxd5 15. exd5 Ra7 16. O-O O-O 17. Qc6 Qc7 18. Rac1 Rc8 19. Qxc7 Raxc7 20. Nd2
Rd8 21. d6 Rc6 22. Bxd7 Rxd7 23. Rfe1 g6 24. Re8+ Kg7 25. Ne4 Rdxd6 26. Nxd6
Rxd6 27. Re2 c4 28. Rxc4 d3 29. Rd2 Bxb2 30. a4 Kf6 31. Rf4+ Ke6 32. Rf3 Rd4
33. Rfxd3 Kd5 34. Rxd4+ Bxd4 35. Rc2 a5 36. Rc7 Bc5 37. Kf1 Kc4 38. Ke2 Kb4 39.
Kd3 Bxf2 40. Rxf7 Bg1 41. Rxh7 1-0

[Event "NED-ch 1994"]
[Site "Amsterdam"]
[Date "1994.??.??"]
[Round "1"]
[White "Van der Werf, Mark"]
[Black "Nijboer, Friso"]
[Result "0-1"]
[WhiteElo "2430"]
[BlackElo "2530"]
[Annotator "Hansen,Cu"]
[PlyCount "74"]
[EventDate "1994.06.??"]
[Source "ChessBase"]
[SourceDate "2004.01.01"]

1. Nf3 Nf6 2. g3 g6 3. Bg2 Bg7 4. c4 O-O 5. O-O d6 6. d4 Nc6 7. Nc3 e5 8. d5
Ne7 9. e4 Ne8 10. b4 (10. Ne1 f5 11. Nd3 Nf6 12. f3 (12. f4 Nxe4 13. Nxe4 fxe4
14. Bxe4 Bh3 (14... c6 15. Qe2 (15. fxe5 Rxf1+ 16. Qxf1 cxd5 17. cxd5 Bf5 18.
Bg2 Qb6+ 19. Nf2 Bxe5 $15 {Horvaht,P-Purtov,A/Harkany op/1993/}) 15... cxd5 16.
cxd5 Bf5 17. fxe5 dxe5 18. Bg5 Bxe4 19. Rxf8+ Bxf8 20. Qxe4 Qxd5 21. Qxe5 $10 {
Rokhlin,Y-Stern,W/corr-5 WCH/1965/}) (14... exf4 15. Nxf4 Nf5 (15... Be5 16.
Ne6 Bxe6 17. dxe6 $14 {Manakova,M-Shashin,A/Moscow op/1991/}) 16. Qd3 Qf6 17.
Rb1 Qd4+ 18. Kg2 Re8 19. Re1 Qxd3 20. Nxd3 Nd4 21. Nf2 {
0,5/Jasnikowski,Z-Olesen,M/Tastrup II/1990/}) 15. Re1 (15. Bg2 Bxg2 16. Kxg2 b5
17. cxb5 Qd7 18. Qb3 Nf5 19. Qc4 e4 20. Qxe4 Rae8 21. Qc4 Bd4 $17 {
Kouatly,B-Haik,A/Montpellier/1985/}) 15... c6 16. fxe5 (16. Be3 cxd5 17. cxd5
Bf5 (17... Nf5 18. Bf2 $14 {Horvath,P-Hazai,L/HUN chT/1992/}) 18. Bf2 Bxe4 19.
Rxe4 Qa5 20. fxe5 Qxd5 21. Qe2 dxe5 22. Nxe5 Nc6 $10 {
Horvath,P-Szuk,B/HUN-chT/1992/}) 16... cxd5 17. cxd5 dxe5 18. Nc5 Qb6 19. Be3
Nf5 $13 {Ostenstad,B-Hansen,C/Gausdal zt/1985/}) (12. exf5 gxf5 13. f4 e4 14.
Ne1 {0,5/Ravia,M-Vincze,O/Konsumex Kupa/1992/}) (12. Bg5 h6 (12... fxe4 13.
Nxe4 Nf5 14. Re1 (14. Kh1 h6 15. Nxf6+ Bxf6 16. Bd2 Qd7 17. Bc3 Qg7 $13 {
Epishin,V-Polgar,J/Las Palmas/1994/}) (14. Qd2 Nxe4 15. Bxe4 Qe8 16. Rae1 Nd4
17. Kg2 b5 18. c5 Bf5 19. f3 Qd7 20. c6 Qc8 21. Qd1 Bh3+ 22. Kg1 Bxf1 23. Rxf1
$44 {Epishin,V-Polgar,J/Dos Hermanos/1994/}) 14... h6 15. Nxf6+ Bxf6 16. Bd2
Kh7 17. Bc3 Bd7 18. c5 $14 {Karpov,A-Polgar,J/Las Palmas/1994/}) 13. Bxf6 Bxf6
14. f4 exf4 15. Nxf4 Be5 $10 16. exf5 Bxf5 17. Qd2 (17. Kh1 Qd7 18. Qb3 Bxf4
19. Rxf4 b6 $10 {Agdestein,S-Werner,D/Capelle la Grande/1993/}) 17... c6 18.
Kh1 Qb6 19. Rae1 Rf7 20. Ne6 Bxe6 21. dxe6 Rxf1+ 22. Rxf1 $14 {
Karpov,A-Gelfand,B/Dos Hermanas/1994/}) (12. Bd2 fxe4 13. Nxe4 Nxe4 14. Bxe4
Bh3 15. Re1 Nf5 16. Bc3 $14 {Agdestein,S-Nijboer,F/Groningen PCA/1993/}) 12...
b6 (12... h6 13. Be3 (13. Kh1 g5 14. exf5 Nxf5 15. Nf2 Qe8 16. Nce4 Qg6 $13 {
Kolarov,A-Gufeld,E/Odessa/1968/}) 13... g5 14. exf5 Nxf5 15. Qd2 Nxe3 16. Qxe3
Bf5 $10 {Petrosian,T-Benko,P/JUG ct/1959/}) (12... a6 13. Bd2 h6 14. f4 exf4
15. Nxf4 Ng4 16. Qe2 Ne5 17. Kh1 fxe4 18. Ne6 Bxe6 19. dxe6 $14 {
Bilek,I-Boey,J/Den Haag/1966/}) (12... c6 13. Be3 h6 14. Qd2 g5 15. f4 cxd5 16.
cxd5 exf4 17. gxf4 Nxe4 18. Nxe4 fxe4 19. Bxe4 g4 $13 {
Sokolov,V-Mestrovic,Z/JUG ch/1974/}) 13. Bd2 h6 14. b4 $16 {
Luckis,M-Villegas,B/Mar del Plata/1944/}) 10... f5 (10... h6 11. Ne1 (11. c5 f5
12. Nd2 f4 13. Nc4 g5 14. Ba3 g4 15. Re1 {Schroll,G-Bretian,E/Vienna/1991/}) (
11. Bd2 f5 12. exf5 Nxf5 13. Rc1 $14 {
Smejkal,J-Pecorelli Garcia,H/Trecianske Teplice/1985/}) 11... f5 12. Nd3 f4 13.
c5 g5 14. g4 h5 15. h3 Ng6 $15 {Bertok,M-Uhlmann,W/Stockholm izt/1962/}) (10...
a5 11. bxa5 (11. Ba3 f5 12. bxa5 h6 13. c5 f4 14. Nd2 dxc5 15. Bxc5 Rxa5 16.
Bb4 $16 {Vaulin,A-Bukhman,E/Warsaw op/1992/}) 11... Rxa5 12. a4 f5 (12... b6
13. Bd2 Bg4 14. Nb5 Ra6 15. a5 bxa5 16. Rxa5 Rxa5 17. Bxa5 Qd7 18. Qb3 c6 19.
Nc3 cxd5 20. cxd5 Bxf3 21. Bxf3 f5 $10 {Quinteros,M-Fernandez,A/Malta ol/1980/}
) 13. Ng5 b6 14. Bd2 Bf6 15. exf5 Bxg5 16. Bxg5 Bxf5 $14 {
Filip,M-Uhlmann,W/Stockholm izt/1962/}) (10... c6 11. Be3 cxd5 12. Nxd5 Nxd5
13. Qxd5 Nf6 14. Qd3 Ng4 15. Bd2 $16 {Vaulin,A-Purtov,A/Konsumex Kupa/1992/})
11. Ng5 (11. c5 f4 12. Ng5 Nf5 13. Nxh7 Kxh7 14. exf5 Bxf5 15. Ne4 $14 {
Tukmakov,V-Kuprejchik,V/Sverdlovsk/1987/}) (11. exf5 Nxf5 12. Ng5 a6 13. Rb1
Nd4 14. Ne2 Bg4 15. f3 Nxe2+ 16. Qxe2 Bf5 17. Rb3 $14 {
Stein,L-Donner,J/Amsterdam/1970/}) 11... h6 (11... c6 12. dxc6 bxc6 13. c5 fxe4
14. cxd6 Nxd6 15. b5 Nef5 16. Ngxe4 $16 {Portisch,L-Johannsson,R/Halle zt/1963/
}) 12. Ne6 Bxe6 13. dxe6 c6 (13... Qc8 14. Nd5 Qxe6 15. Nxe7+ Qxe7 16. exf5 e4
17. Qd5+ Kh8 18. Qxb7 {Chandlerr,M-Smejkal,J/BRD/1985/}) (13... fxe4 14. b5 (
14. Bxe4 c6 15. Be3 Qc8 16. Qd3 Qxe6 $17 {
Samuelsson,S-Kuprejchik,V/Rilton Cup/1992/}) 14... a6 15. bxa6 Rxa6 16. Rb1 b6
17. Bxe4 $14 {Dautov,R-Kuprejchik,V/2.BL/1993/}) 14. c5 (14. b5 Qc8 15. bxc6
bxc6 16. c5 Qxe6 17. Ba3 $44 {Mortensen,E-Kuprejchik,V/Esbjerg/1988/}) 14...
Rf6 15. Qb3 (15. Ba3 Rxe6 16. Qb3 Qc8 17. b5 Kh7 18. Rac1 fxe4 19. cxd6 Nxd6
20. Bxd6 Rxd6 21. Nxe4 Rd4 22. Nc5 $14 {Geller,E-Uhlmann,W/Stockholm izt/1962/}
) 15... Qc8 16. cxd6 Nxd6 17. f4 (17. b5 Qxe6 18. bxc6 Qxb3 19. axb3 Nxc6 20.
exf5 gxf5 21. Ba3 $44 {Ribli,Z-Hook,W/Novi Sad olm/1990/}) 17... Qxe6 18. fxe5
Qxb3 19. axb3 Re6 20. Bxh6 $2 (20. exd6 Bxc3 21. Ra4 Rxd6 22. Bxh6 $10) 20...
Bxe5 21. exf5 (21. Rac1 Bxc3 22. Rxc3 fxe4 $17 {/\Nef5/Nd5} (22... Nxe4 $17))
21... Ndxf5 22. Bd2 Rd8 23. Be1 Bd4+ 24. Kh1 Rxe1 $19 25. Raxe1 Bxc3 26. Re4
Rd4 27. b5 cxb5 28. Re5 b4 29. Bxb7 Rd7 30. Rb5 Nd4 31. Rd1 Rc7 32. Bd5+ Nxd5
33. Rxd5 Nxb3 34. Rd8+ Kg7 35. R8d7+ Rxd7 36. Rxd7+ Kh6 37. Rxa7 Nd2 0-1

[Event "NED-ch 1994"]
[Site "Amsterdam"]
[Date "1994.??.??"]
[Round "1"]
[White "Van der Wiel, John"]
[Black "Bosch, Jeroen"]
[Result "1-0"]
[WhiteElo "2570"]
[BlackElo "2370"]
[PlyCount "74"]
[EventDate "1994.06.??"]
[Source "ChessBase"]
[SourceDate "2004.01.01"]

1. e4 c5 2. Nf3 e6 3. d4 cxd4 4. Nxd4 Nf6 5. Nc3 Bb4 6. e5 Nd5 7. Bd2 Nxc3 8.
bxc3 Be7 9. Qg4 O-O 10. Bh6 g6 11. Bxf8 Bxf8 12. Qg3 Bg7 13. f4 d6 14. Rd1 Nd7
15. exd6 Nf6 16. Be2 Nd5 17. O-O Qxd6 18. Kh1 Qe7 19. c4 Nb6 20. Qg5 Bf6 21.
Qa5 Bd7 22. Bf3 Be8 23. c5 Nc4 24. Qc3 Qxc5 25. Bxb7 Rd8 26. Nxe6 Rxd1 27. Rxd1
Qe7 28. Qxc4 Qxb7 29. Nc7 Bc6 30. Nd5 Kg7 31. Nxf6 Bxg2+ 32. Kg1 Bh3 33. Nd5
Qd7 34. Qc3+ Kh6 35. Qg3 Bg4 36. Qh4+ Kg7 37. Qf6+ Kh6 1-0

[Event "NED-ch 1994"]
[Site "Amsterdam"]
[Date "1994.??.??"]
[Round "2"]
[White "Nijboer, Friso"]
[Black "Van der Wiel, John"]
[Result "1/2-1/2"]
[WhiteElo "2530"]
[BlackElo "2570"]
[PlyCount "85"]
[EventDate "1994.06.??"]
[Source "ChessBase"]
[SourceDate "2004.01.01"]

1. e4 e5 2. Nf3 Nc6 3. Bb5 a6 4. Ba4 Nf6 5. O-O Be7 6. Bxc6 dxc6 7. d3 Nd7 8.
b3 O-O 9. Bb2 f6 10. Nbd2 Nc5 11. d4 exd4 12. Nxd4 Re8 13. Qe2 Ne6 14. Nf5 Bf8
15. Rad1 Qd7 16. f4 Nc5 17. Ng3 Qg4 18. Qf2 Ne6 19. h3 Qxd1 20. Rxd1 Bc5 21. f5
Bxf2+ 22. Kxf2 Ng5 23. h4 Nf7 24. Nh5 Rd8 25. g4 h6 26. Ke3 a5 27. Rg1 a4 28.
a3 axb3 29. cxb3 Ra5 30. g5 hxg5 31. hxg5 fxg5 32. b4 Ra6 33. Nxg7 c5 34. Nh5
Rh6 35. Nf6+ Kf8 36. Nf3 Rh3 37. bxc5 b6 38. cxb6 cxb6 39. Ng4 Re8 40. Nf2 Bxf5
41. Nxh3 Rxe4+ 42. Kf2 Bxh3 43. Nxg5 1/2-1/2

[Event "NED-ch 1994"]
[Site "Amsterdam"]
[Date "1994.??.??"]
[Round "2"]
[White "Sokolov, Ivan"]
[Black "Bosch, Jeroen"]
[Result "0-1"]
[WhiteElo "2650"]
[BlackElo "2370"]
[Annotator "Ribli"]
[PlyCount "70"]
[EventDate "1994.06.??"]
[Source "ChessBase"]
[SourceDate "2004.01.01"]

1. d4 Nf6 2. c4 d6 3. Nc3 Bf5 4. f3 (4. g3 $5 {
Christiansen,L-Shirazi,K/New York/1989/CBM12/}) 4... e5 5. e4 (5. d5 e4 6. g4
Nxg4 7. fxg4 Qh4+ 8. Kd2 e3+ 9. Kxe3 Qg5+ 10. Kf2 Qh4+ $10 {
Kharitonov,A-Gleizerov,E/Voskresenk/1993/CBM38/}) 5... exd4 6. Qxd4 Be6 7. Bg5
(7. Be3 $5) (7. f4 g6 8. Be3 Nc6 9. Qd3 Ng4 10. Bd2 Nb4 11. Qb1 Bg7 $13 {
Portisch,L-Christiansen,L/Szirak izt/1987/CBM03/}) 7... Nc6 8. Qd2 Be7 9. Be3 (
9. Bd3 $5 Ne5 10. b3 Nxe4 $2 11. Bxe7 (11. Nxe4 $2 Bxg5 12. Nxg5 Nxd3+ $17)
11... Nxd2 12. Bxd8 Nxd3+ 13. Kxd2 Nf2 14. Bh4 Nxh1 15. Nge2 $16) 9... O-O 10.
b3 a5 11. Bd3 Nd7 12. Nge2 Bh4+ $1 13. g3 $6 (13. Ng3 $5) 13... Nde5 14. O-O
Nxd3 15. Qxd3 Bf6 16. Rac1 (16. Rad1 $5) 16... Bxc3 $5 17. Qxc3 f5 18. Nf4 Qd7
19. exf5 (19. Nxe6 Qxe6 20. exf5 Qxf5 $10) 19... Bxf5 20. Rcd1 Qf7 21. Bc1 (21.
c5 $5) 21... b6 22. Bb2 Ne5 23. Nd5 $6 (23. Rde1 Rae8 24. Qd2 $13) 23... Bh3
24. Rf2 Rae8 (24... Nxf3+ $4 25. Rxf3 Qxf3 26. Qxg7#) 25. Qd4 $2 (25. Nf4 Bc8
26. Nd3 Bb7 27. Nxe5 Rxe5 28. Re1 Rfe8 29. Rxe5 Rxe5 30. Qd2 Re6 $15) 25...
Qxf3 $1 26. Nxc7 Qxf2+ 27. Qxf2 Rxf2 28. Kxf2 Ng4+ 29. Kg1 Re2 $19 30. Bd4 Rg2+
31. Kh1 Rxh2+ 32. Kg1 Rg2+ 33. Kh1 Rh2+ 34. Kg1 Rxa2 35. Bxb6 $2 (35. Nd5 Nh2
36. Rd3 Bg4 37. Nc3 Rc2 $19) 35... Ne5 0-1

[Event "NED-ch 1994"]
[Site "Amsterdam"]
[Date "1994.??.??"]
[Round "2"]
[White "Sosonko, Gennadi"]
[Black "Piket, Jeroen"]
[Result "0-1"]
[WhiteElo "2525"]
[BlackElo "2605"]
[Annotator "Knaak"]
[PlyCount "82"]
[EventDate "1994.06.??"]
[Source "ChessBase"]
[SourceDate "2004.01.01"]

1. d4 g6 2. e4 Bg7 3. c4 d6 4. Nf3 Nf6 5. Nc3 O-O 6. Be2 e5 7. O-O a5 8. Bg5 (
8. Be3 Na6 9. dxe5 dxe5 10. Nd2 $1 $14) 8... h6 9. Bh4 Nbd7 10. d5 $6 g5 $1 11.
Bg3 Nh5 12. Ne1 Nf4 13. Bg4 Nc5 14. Bxc8 Rxc8 15. Nc2 f5 16. exf5 Rxf5 17. f3
c6 18. Rb1 Rf7 19. Kh1 Qf6 20. Bf2 Ncd3 21. Be3 cxd5 22. Bxf4 Nxf4 23. Nxd5 (
23. g3 Ne6 24. Nxd5 Qg6 25. b3 e4 $1 $15) 23... Qe6 24. Nce3 e4 $1 25. Qd2 $2 (
25. fxe4 Qxe4 26. b3 $13) 25... exf3 26. Rxf3 Nxd5 $1 27. Qxd5 (27. cxd5 Qe4
28. Rbf1 Rxf3 29. gxf3 Qf4 $17) 27... Qxd5 28. cxd5 Rxf3 29. gxf3 Kf7 $17 30.
b3 (30. Nf5 Bf8) 30... Be5 31. Re1 Bf4 32. Nf5 h5 33. h4 gxh4 34. Nd4 Bg3 35.
Re6 Rc5 36. Kg2 Rxd5 37. Re4 Be5 38. Ne2 Rd2 39. f4 Bf6 40. a4 d5 41. Re3 d4
0-1

[Event "NED-ch 1994"]
[Site "Amsterdam"]
[Date "1994.??.??"]
[Round "2"]
[White "Van Gisbergen, Stan"]
[Black "Cifuentes Parada, Roberto"]
[Result "0-1"]
[WhiteElo "2365"]
[BlackElo "2500"]
[Annotator "Hecht"]
[PlyCount "108"]
[EventDate "1994.06.??"]
[Source "ChessBase"]
[SourceDate "2004.01.01"]

1. d4 d5 2. c4 dxc4 3. e4 c5 4. Nf3 Nf6 5. Nc3 cxd4 6. Qxd4 Qxd4 7. Nxd4 e5 8.
Ndb5 Kd8 9. Be3 Be6 10. Nxa7 Nbd7 11. f3 Bb4 12. a3 Bxc3+ 13. bxc3 Kc7 14. a4
b6 15. a5 Rhb8 16. Be2 Kb7 17. Nb5 Kc6 18. Na3 Rxa5 19. Kf2 Rba8 20. Nc2 Rxa1
21. Rxa1 Rxa1 22. Nxa1 Nc5 23. Ke1 Nfd7 24. Nc2 Na4 25. Kd2 Ndc5 26. Nb4+ Kd6
27. g4 f6 28. Kc2 Nb3 29. h4 Nac5 30. Kb2 b5 31. h5 h6 32. Bd1 Na5 33. Bc2 Nd3+
34. Ka3 Ne1 35. Bd1 Nc6 36. Na6 Nd3 37. Be2 b4+ 38. Nxb4 Ndxb4 39. cxb4 Nd4 40.
Bd1 c3 41. Bxd4 exd4 42. Bb3 d3 43. Bxe6 Kxe6 44. Kb3 c2 45. Kb2 Ke5 46. b5 Kd4
(46... Kd6 $2 47. f4 Kc5 48. f5 Kxb5 49. e5 fxe5 50. g5 e4 51. gxh6 gxh6 52. f6
e3 53. f7 e2 54. f8=Q e1=Q 55. Qb8+ $10) 47. b6 Ke3 48. b7 Kd2 49. b8=Q c1=Q+
50. Ka2 Qc2+ 51. Ka3 Kc1 52. Qf4+ d2 53. Qe3 Qc4 54. e5 Kc2 0-1

[Event "NED-ch 1994"]
[Site "Amsterdam"]
[Date "1994.??.??"]
[Round "2"]
[White "Van der Sterren, Paul"]
[Black "Van der Werf, Mark"]
[Result "1/2-1/2"]
[WhiteElo "2605"]
[BlackElo "2430"]
[PlyCount "39"]
[EventDate "1994.06.??"]
[Source "ChessBase"]
[SourceDate "2004.01.01"]

1. d4 d5 2. c4 e6 3. Nf3 c6 4. Nbd2 Nf6 5. e3 Nbd7 6. Bd3 c5 7. cxd5 exd5 8. b3
Bd6 9. Bb2 O-O 10. O-O cxd4 11. exd4 Re8 12. Re1 Nf8 13. Ne5 Bb4 14. a3 Bxd2
15. Qxd2 Be6 16. f3 Qb6 17. a4 a5 18. Bb5 Rec8 19. g4 Ne8 20. Ba3 1/2-1/2

[Event "NED-ch 1994"]
[Site "Amsterdam"]
[Date "1994.??.??"]
[Round "3"]
[White "Bosch, Jeroen"]
[Black "Nijboer, Friso"]
[Result "1/2-1/2"]
[WhiteElo "2370"]
[BlackElo "2530"]
[PlyCount "110"]
[EventDate "1994.06.??"]
[Source "ChessBase"]
[SourceDate "2004.01.01"]

1. e4 c5 2. Nf3 Nc6 3. Nc3 e6 4. Bb5 Nd4 5. Bd3 Nxf3+ 6. Qxf3 Qc7 7. b3 a6 8.
Bb2 Bd6 9. Qe2 Be5 10. f4 Bd4 11. e5 b5 12. a4 b4 13. Nd1 Bxb2 14. Nxb2 d5 15.
exd6 Qxd6 16. Qe4 Ra7 17. Nc4 Qc7 18. Qe5 Qxe5+ 19. fxe5 Nh6 20. Nd6+ Ke7 21.
O-O f5 22. h3 Nf7 23. Nc4 Bb7 24. Rae1 h5 25. Be2 g5 26. Bf3 Bxf3 27. Rxf3 Rd7
28. Rf2 h4 29. d3 Rd4 30. Na5 Kd7 31. Nc4 Nd8 32. Nd6 Rh7 33. Nc4 Nc6 34. Nb6+
Kc7 35. Nc4 Ne7 36. Nd6 Kd7 37. Nb7 Kc6 38. Na5+ Kb6 39. Nc4+ Kc7 40. Nd6 Kd7
41. Nb7 Rd5 42. Na5 Nc6 43. Nc4 Kc7 44. Rfe2 Rf7 45. Rf2 Rf8 46. Kf1 Rd4 47.
Nd2 Rg8 48. Kg1 Ne7 49. Nf3 Rf4 50. d4 cxd4 51. Rd1 Rxf3 52. gxf3 Nc6 53. Rg2
Nxe5 54. Kf2 Nc6 55. Rdg1 Kd6 1/2-1/2

[Event "NED-ch 1994"]
[Site "Amsterdam"]
[Date "1994.??.??"]
[Round "3"]
[White "Cifuentes Parada, Roberto"]
[Black "Hoeksema, Erik"]
[Result "1-0"]
[WhiteElo "2500"]
[BlackElo "2405"]
[PlyCount "111"]
[EventDate "1994.06.??"]
[Source "ChessBase"]
[SourceDate "2004.01.01"]

1. d4 Nf6 2. c4 g6 3. Nc3 Bg7 4. e4 d6 5. f3 O-O 6. Bg5 c5 7. d5 e6 8. Qd2 exd5
9. Nxd5 Be6 10. Ne2 Bxd5 11. cxd5 Nbd7 12. Nc3 a6 13. a4 Rc8 14. Be2 c4 15. O-O
b5 16. axb5 axb5 17. Kh1 Nc5 18. Qe3 Rb8 19. b4 cxb3 20. Bxb5 Qb6 21. Bh6 Bxh6
22. Qxh6 Ra8 23. Qd2 Ra5 24. Qd4 Rxb5 25. Nxb5 Qxb5 26. Qxf6 b2 27. Rab1 Rb8
28. h4 h5 29. g4 Qd7 30. Rf2 Nd3 31. Rd2 Rb3 32. Rxd3 Rxd3 33. Rxb2 Qc7 34.
gxh5 Rxf3 35. Qxf3 Qc1+ 36. Kh2 Qxb2+ 37. Kh3 Qe5 38. hxg6 fxg6 39. Kg4 Kg7 40.
Qf4 Qe7 41. Kf3 Qc7 42. Qg5 Qc3+ 43. Qe3 Qa1 44. Kg4 Qd1+ 45. Kg3 Qa1 46. h5
Qh1 47. Qc3+ Kh7 48. Qc7+ Kh6 49. Qxd6 Qg1+ 50. Kf3 Qf1+ 51. Ke3 Qe1+ 52. Kd4
Qg1+ 53. Kc4 Kxh5 54. Qe5+ g5 55. d6 Qf1+ 56. Kc5 1-0

[Event "NED-ch 1994"]
[Site "Amsterdam"]
[Date "1994.??.??"]
[Round "3"]
[White "Van der Werf, Mark"]
[Black "Van Gisbergen, Stan"]
[Result "1-0"]
[WhiteElo "2430"]
[BlackElo "2365"]
[PlyCount "56"]
[EventDate "1994.06.??"]
[Source "ChessBase"]
[SourceDate "2004.01.01"]

1. Nf3 Nf6 2. g3 b6 3. Bg2 Bb7 4. O-O e6 5. d3 d5 6. Nbd2 Nbd7 7. b3 Be7 8. Bb2
O-O 9. c4 c5 10. e3 Qc7 11. Rc1 Rac8 12. Rc2 dxc4 13. bxc4 Rfd8 14. Qe2 Bd6 15.
e4 Ne5 16. Ne1 Be7 17. f4 Nc6 18. Ndf3 Nd7 19. Rd2 e5 20. Bh3 Bd6 21. Ng2 Re8
22. Ng5 Nd8 23. Qg4 Nf8 24. Ne3 f6 25. Nd5 Qc6 26. Nf3 Kh8 27. fxe5 Bxe5 28.
Nxe5 fxe5 1-0

[Event "NED-ch 1994"]
[Site "Amsterdam"]
[Date "1994.??.??"]
[Round "3"]
[White "Van der Wiel, John"]
[Black "Van der Sterren, Paul"]
[Result "1/2-1/2"]
[WhiteElo "2570"]
[BlackElo "2605"]
[Annotator "Ftacnik"]
[PlyCount "87"]
[EventDate "1994.06.??"]
[Source "ChessBase"]
[SourceDate "2004.01.01"]

1. e4 e5 2. Nf3 Nc6 3. Bb5 a6 4. Ba4 Nf6 5. Qe2 b5 6. Bb3 Bc5 7. a4 $5 Bb7 8.
d3 (8. axb5 axb5 9. Rxa8 Qxa8 10. Qxb5 Nxe4 11. Bxf7+ Ke7 $1 $40) 8... h6 9.
axb5 axb5 10. Rxa8 Bxa8 11. Na3 $6 (11. Nc3 b4 12. Nd5 $14) 11... Qb8 $1 12.
Be3 Bxe3 13. fxe3 $5 O-O 14. O-O Qb6 15. Nb1 (15. Nh4 Na5 16. Ba2 b4 17. Nc4
Nxc4 18. Bxc4 $10) 15... Re8 16. Nh4 (16. Nc3) 16... Na5 17. Ba2 b4 $6 (17...
d5 $1) 18. Nd2 d5 19. exd5 Bxd5 20. Bxd5 Nxd5 21. Nf5 Kh7 (21... Ne7 $5) 22.
Qf3 $1 Rd8 (22... Qe6 23. Ne4 Nb7 $1) 23. Kh1 $6 (23. Qe4 $1 g6 24. Ne7 $1 $18)
23... Qe6 24. Ne4 Nc6 25. g4 $1 (25. Nc5 Qg6 26. Nh4 $5) 25... f6 (25... g6 $2
26. Qh3 $1 $18 gxf5 27. Ng5+) 26. Qh3 Nce7 (26... Kg8 27. Nxh6+ gxh6 28. Qxh6
$40) 27. Nxh6 $5 (27. g5 Nxf5 28. Rxf5 Nxe3 29. Nxf6+ $1 Kh8 $17) 27... gxh6
28. Rxf6 Qxf6 (28... Nxf6 29. Ng5+ $18) 29. Nxf6+ Nxf6 30. g5 Nfg8 31. Qe6 hxg5
32. Qxe5 Kh6 $1 33. Qxc7 Rf8 $6 (33... Rc8 34. Qd6+ Ng6 35. Qxb4 Rxc2 $13) 34.
Kg1 $6 (34. Qd6+ Ng6 35. Qxb4 Rf2 36. Qc4) 34... Ng6 35. Qd6 Rc8 36. Qxb4 Rxc2
37. Qb3 Rc1+ 38. Kf2 Nf6 39. Qe6 Rc2+ 40. Ke1 Nh5 $1 41. b4 Rxh2 42. b5 Rb2 43.
b6 g4 44. Qxg4 (44. Qxg4 Rxb6 $10) 1/2-1/2

[Event "NED-ch 1994"]
[Site "Amsterdam"]
[Date "1994.??.??"]
[Round "4"]
[White "Hoeksema, Erik"]
[Black "Van der Werf, Mark"]
[Result "0-1"]
[WhiteElo "2405"]
[BlackElo "2430"]
[PlyCount "50"]
[EventDate "1994.06.??"]
[Source "ChessBase"]
[SourceDate "2004.01.01"]

1. d4 d5 2. c4 e6 3. Nf3 c6 4. Nc3 dxc4 5. a4 Bb4 6. e3 b5 7. Bd2 a5 8. axb5
Bxc3 9. Bxc3 cxb5 10. b3 Bb7 11. bxc4 b4 12. Bb2 Nf6 13. Bd3 Nbd7 14. O-O Qc7
15. Nd2 e5 16. Re1 O-O 17. Nf1 Rfe8 18. f3 e4 19. Be2 exf3 20. gxf3 Nh5 21. c5
Re6 22. Bd3 Qd8 23. Qe2 Nf4 24. Qd2 Nxd3 25. Qxd3 Ne5 0-1